| 000 | 00769cam a2200241 a 4500 | ||
|---|---|---|---|
| 001 | 84 | ||
| 003 | BR-CuiBMT | ||
| 005 | 20231107002441.0 | ||
| 008 | 230810s2021 mgba 000 0 por d | ||
| 020 | _a9786555181449 | ||
| 040 |
_aBR-CuiBMT _cBR-CuiBMT |
||
| 080 |
_22007 _a35.078.3:336.14 |
||
| 090 |
_a35.078.3:336.14 _bB813t |
||
| 100 | 1 |
_aBraga, Marcus Vinicius de Azevedo, _d1974- |
|
| 245 | 1 | 0 |
_aTudo sobre controle : _btextos contemporâneos / _cMarcus Vinicius de Azevedo Braga ; prefácio, Ana Carla Bliacheriene. |
| 260 |
_aBelo Horizonte : _bFórum, _c2021. |
||
| 300 |
_a370 p. : _bil. ; _c22 cm |
||
| 504 | _aInclui bibliografia. | ||
| 650 | _aDireito administrativo | ||
| 650 | _aPolíticas públicas | ||
| 650 | _aControle governamental | ||
| 942 |
_2udc _cLV |
||
| 999 |
_c84 _d84 |
||